000
00263nam a2200109Ia 4500
005
20251222175819.0
008
251222s9999||||xx |||||||||||||| ||spa||
082
_a
DVD0060 A43/1985
245
0
_a
La rosa purpura del Cairo
264
_b
Orion Pictures
942
_c
DVD
999
_c
40435
_d
40435